000
00296 a2200109 4500
001
ART_10790
005
20260410161853.0
008
260409a
245
1
0
_a
UNASUR
100
1
_a
Rey, Sebastián Alejandro
773
0
_t
Derecho público
_g
- Año I, Nº 1 (mayo 2012)
_w
REV10451
999
_c
25209
_d
25209